| 000 | 00523nam a2200205 a 4500 | ||
|---|---|---|---|
| 001 | BRCA_6664 | ||
| 005 | 20190320205540.0 | ||
| 008 | 121011s1914----gw-a######---#000-0#ger-# | ||
| 041 | _ager | ||
| 044 | _agw | ||
| 050 | 4 |
_aQP87 _b.L56 1914 |
|
| 100 | 1 |
_aLipschütz, Alexander _d1883- _916681 |
|
| 245 | 1 | 0 |
_aWarum wir sterben _cvon Alex Lipschütz. |
| 260 |
_aStuttgart, Alemania _bKosmos _c1914 |
||
| 300 |
_a88 p. _bil. _c20 cm. |
||
| 500 | _aL181 | ||
| 650 | 1 | 4 |
_aMuerte _xCausas _916682 |
| 902 | _aGFM | ||
| 942 |
_2lcc _cB |
||
| 999 |
_c6348 _d6348 |
||